000 00676nam a2200229Ia 4500
003 OSt
005 20220918110133.0
006 a|||||r|||| 00| 0
007 ta
008 220915b |||||||| |||| 00| 0 eng d
024 _a89884
037 _cReference Collections
040 _aARTS
_cARTS
_beng
041 _2eng
_aeng
082 _aT.2aN78<-N47, b5.M0 (RR)
245 0 _aIndian educarion index 1947-1978 ed by K G Tyagi
260 _aN.D
_bAcharana
_c1980
490 _aEducation in India : bibliographical series; 1
650 _aEDUCATION
942 _hT.2aN78<-N47, b5.M0 (RR)
_cREF
999 _c111285
_d111285